[Event "USA-ch Juniors 2017"]
[Site "Saint Louis"]
[Date "2017.07.15"]
[Round "7"]
[White "Liu, Bovey"]
[Black "Chandra, Akshat"]
[Result "1/2-1/2"]
[WhiteElo "2228"]
[BlackElo "2484"]
[Annotator "TA"]
[PlyCount "177"]
[EventDate "2017.??.??"]
[EventType "tourn"]
[EventCountry "USA"]
[SourceTitle "playchess.com"]
[Source "ChessBase"]
[SourceQuality "1"]

{[%evp 16,177,16,0,0,-10,-12,-31,0,0,4,-17,16,10,12,12,18,18,23,-10,-10,-17,-21,-41,-32,-74,-74,-74,-74,-79,-79,-70,-65,-57,-58,-78,-85,-71,-71,-76,-80,-84,-85,-84,-86,-95,-100,-105,-87,-84,-104,-99,-86,-89,-11,-13,-16,-144,0,-77,0,-90,-90,-82,-75,-79,-65,-76,-65,-66,-65,-88,-80,-73,-52,-62,-52,-64,-52,-60,-60,-63,-56,-77,-80,-75,-87,-84,-85,-140,-50,-62,-55,-62,-7,-55,-55,-55,-56,-74,0,-2,0,-64,-66,-73,-65,-86,-72,-66,0,-4,0,0,-16,-10,0,0,0,0,0,0,0,0,0,0,0,0,0,0,0,0,0,0,0,0,36,0,18,21,25,32,28,39,27,18,146,125,130,88,89,8,8,8,8,8,8,8,8,0,8,0,8,0]} 1. e4 e5 2. Nf3 Nc6 3. Bc4 Nf6 4. d3 Bc5 5. c3 d6 6. O-O O-O 7. a4 a5 8. h3 {C54: Giuoco Piano: 4 c3 Nf6, main lines with 5 d4 and 5 d3} h6 9. Na3 {[%cal Bb1a3,Ba3c2,Bc2e3][%mdl 32] LiveBook: 3 Games} (9. Re1 Ba7 10. Nbd2 Ne7 11. Nf1 Ng6 12. Ng3 c6 13. d4 exd4 14. Nxd4 {½-½ (48) Karjakin,S (2783)-Kramnik,V (2811) Shamkir 2017}) 9... Ne7 10. Nc2 Ng6 11. Be3 $146 ({Predecessor:} 11. d4 Ba7 12. Re1 Re8 13. dxe5 dxe5 14. Be3 Qxd1 15. Raxd1 Bxe3 16. Nxe3 {½-½ (46) Muniz,R (2241)-Carbone,D (2127) Montevideo 2016}) 11... Re8 12. Re1 Be6 13. Bxc5 dxc5 14. Ne3 Qd7 15. Qb3 b6 16. Rad1 Rad8 17. d4 exd4 18. e5 Nd5 19. cxd4 Nxe3 20. Rxe3 {White wants to play d5.} Bxc4 21. Qxc4 Qd5 22. Qc2 Nf4 $1 23. Rd2 Ne6 $1 {[%cal Rc5d4]} 24. dxc5 Qxc5 25. Rc3 Rxd2 26. Qxd2 Qb4 27. Qc2 Rd8 28. Rc4 Qe7 29. b3 Qd7 30. Kh2 Qd3 31. Qb2 Rd5 32. Rc3 Qf5 33. Qc1 Nc5 34. Qe3 Qb1 (34... Qd7 $17) 35. Nd4 $1 $11 Qe4 36. Nf3 (36. Nb5 $11) 36... Qb1 (36... Qxe3 $17 37. Rxe3 Rd1) 37. Nd2 (37. Nd4 $1 $11 {keeps the balance.}) 37... Qf5 (37... Qb2 {looks sharper.} 38. Nc4 Qa1 39. Nd2 Ne6 40. g3 Nc5) 38. Nf3 $1 Qe6 39. Qe2 Rd7 40. Qc2 Qd5 41. Re3 Qd1 42. Qf5 Ne6 43. h4 Qf1 44. Kg3 Rd8 (44... g6 $5 {[%cal Rg6f5]} 45. Qe4 Rd1 $15) 45. h5 Qd1 46. Kh2 Qd7 47. Nh4 Qe7 48. Nf3 Nc5 49. Qg4 Qe6 50. Qh4 Rd1 51. Nd4 Qd7 $1 52. Ne2 (52. Nf3 $142) 52... Re1 (52... Rd2 $17 {...Nxb3! is the strong threat.} 53. Qf4 Nxb3 $1 {[%mdl 512]}) 53. Qg3 Qd1 {[%csl Gd1][%cal Re1h1]} 54. Qf3 Rh1+ 55. Kg3 Qd8 {[%csl Gh1][%cal Rd8h4]} 56. Qg4 $1 Ne6 57. Rf3 $1 Ng5 ({Black should try} 57... Rd1 $17) 58. Re3 $1 Ne6 (58... Re1 $11) 59. Rf3 $1 $15 Re1 60. Qf5 Qe7 ({Of course not} 60... Rxe2 61. Qxf7+ Kh8 62. Qxe6 $11) 61. Re3 $1 Rh1 62. Qg4 Re1 (62... Kh7 $15) 63. Nf4 Rxe3+ 64. fxe3 Nf8 65. Qf5 Qc5 66. Qe4 Qc3 67. e6 {And now e7 would win.} fxe6 68. Nxe6 Qxb3 69. Nxc7 Qf7 70. Qd5 Nd7 71. Qa8+ Nf8 72. Qd5 Nd7 73. Qa8+ Kh7 {White must now prevent ...Nf6.} 74. Qe4+ Kh8 75. Qa8+ Qg8 76. Qxg8+ Kxg8 $14 {[%mdl 4096] Endgame KN-KN} 77. Nd5 Kf7 78. Kf4 Ke6 79. e4 b5 80. Nc7+ Ke7 (80... Kf6 $1 $11 {remains equal.}) 81. Nxb5 $16 Nc5 82. Nc3 Ke6 {[#]} 83. g4 (83. g3 $1 $16) 83... Kf6 $11 {The position is equal.} 84. Nd5+ Ke6 85. Nb6 Nd3+ 86. Ke3 Ne5 87. Kf4 Nd3+ 88. Ke3 Ne5 89. Kf4 {Precision: White = 65%, Black = 56%.} 1/2-1/2

[Event "USA-ch Juniors 2017"]
[Site "Saint Louis"]
[Date "2017.07.16"]
[Round "8"]
[White "Li, Ruifeng"]
[Black "Checa, Nicolas D"]
[Result "1-0"]
[WhiteElo "2568"]
[BlackElo "2415"]
[Annotator "TA"]
[PlyCount "77"]
[EventDate "2017.??.??"]
[EventType "tourn"]
[EventCountry "USA"]
[SourceTitle "playchess.com"]
[Source "ChessBase"]
[SourceQuality "1"]

{[%evp 12,77,13,-7,17,19,44,46,35,33,37,31,72,77,123,122,111,111,109,75,79,62,62,55,66,62,85,80,81,72,75,72,75,77,83,54,163,162,174,136,206,210,333,329,278,243,996,995,847,946,931,1583,1448,1389,1147,915,29966,29969,29967,29969,29965,29947,6470,6429,6427,6387,5389,5321]} 1. b3 e5 2. Bb2 Nc6 3. e3 Nf6 4. Bb5 Bd6 5. Na3 Na5 (5... a6 6. Be2 Be7 7. Nc4 e4 8. d4 d5 9. Ne5 O-O 10. Nxc6 bxc6 11. c4 a5 12. Qc2 Bb4+ 13. Bc3 {1-0 (34) Vachier Lagrave,M (2796)-Anand,V (2786) Stavanger 2017}) 6. Be2 {A01: Nimzowitsch-Larsen Opening} a6 7. c4 {LiveBook: 62 Games} b6 $146 ({Predecessor:} 7... O-O 8. Nc2 Re8 9. d3 b5 10. Nf3 bxc4 11. dxc4 e4 12. Nfd4 Be5 13. c5 {1-0 (64) Granda Zuniga,J (2688)-Perez Candelario,M (2562) La Roda 2016}) 8. Nf3 {The position is equal.} Qe7 9. Nc2 Bb7 10. O-O O-O 11. d4 {[%cal Rd4e5]} exd4 12. exd4 Rfe8 13. Bd3 Be4 14. Re1 {aiming for Ng5.} Qd8 15. d5 {Black must now prevent Bxf6.} Bg6 16. Ne5 Bxe5 17. Rxe5 Rxe5 18. Bxe5 d6 19. Bc3 Nb7 20. Bxg6 hxg6 21. Qf3 Nc5 22. Re1 Ncd7 23. g4 {[%cal Bg2g4,Bg4g5][%mdl 32]} Nh7 {[#]} (23... Qf8 $14) 24. Nb4 $1 $18 {[%cal Bc2b4,Bb4c6,Bc6e7][%mdl 32]} Qf8 {[#]} 25. Qe2 $1 Nhf6 (25... Nb8 $16 26. h4 Nf6) 26. Nc6 Kh8 (26... Ne5 $142 27. Bxe5 (27. Nxe5 dxe5 28. Qxe5 Qc5 $18) 27... dxe5 28. Qxe5 Qd6) 27. g5 Nh5 28. f4 Qc8 $2 (28... Kh7 29. f5 b5) 29. Ne7 Qd8 30. f5 Kh7 31. fxg6+ fxg6 32. Qe6 Qe8 33. Bd4 Nf4 34. Re4 Nh5 35. Rh4 Ne5 36. Bxe5 dxe5 {[#]} 37. Rxh5+ $1 {[%mdl 512] White is clearly winning.} gxh5 38. g6+ Kh6 39. h4 {Precision: White = 74%, Black = 38%.} ({Weaker is} 39. Qxe5 h4 $18) 1-0

[Event "USA-ch Juniors 2017"]
[Site "Saint Louis"]
[Date "2017.07.16"]
[Round "8"]
[White "Brown, Michael William"]
[Black "Liu, Bovey"]
[Result "1-0"]
[WhiteElo "2508"]
[BlackElo "2228"]
[Annotator "TA"]
[PlyCount "83"]
[EventDate "2017.??.??"]
[EventType "tourn"]
[EventCountry "USA"]
[SourceTitle "playchess.com"]
[Source "ChessBase"]
[SourceQuality "1"]

{[%evp 16,83,10,9,24,21,51,56,65,54,79,77,72,77,90,97,82,78,85,101,101,71,87,63,76,33,74,58,181,175,186,175,183,192,177,194,187,182,177,185,240,227,304,312,387,290,312,97,88,95,95,93,300,272,241,250,439,431,433,436,414,412,1110,1104,1085,1093,1081,1067,1038,1000]} 1. d4 Nf6 2. c4 e6 3. g3 d5 4. Bg2 Bb4+ 5. Nd2 O-O 6. Ngf3 b6 7. O-O Bb7 8. b3 {E16: Queen's Indian: 4 g3 Bb7 5 Bg2 Bb4+} (8. a3 Be7 9. cxd5 exd5 10. b4 a5 11. b5 c6 12. bxc6 Nxc6 13. e3 b5 14. Ne5 Bd6 15. Bb2 a4 16. Qb1 Rb8 17. Bc3 Ba8 18. Nxc6 Bxc6 {½-½ (69) Wei,Y (2728)-Yu,Y (2749) Beijing 2017}) 8... c5 9. Bb2 {LiveBook: 4 Games} cxd4 10. Nxd4 {White has an edge.} Nbd7 $146 ({Predecessor:} 10... Qe7 11. Nc2 Bc5 12. b4 Bd6 13. Bxf6 Qxf6 14. cxd5 exd5 15. Nc4 Na6 {1-0 (24) Bai,J (2560)-Bellahcene,B (2493) Basel 2017}) 11. cxd5 Nxd5 12. Rc1 Rc8 13. Nc4 a6 14. a3 Bc5 15. b4 Be7 {[#]} 16. Nf5 $1 {[%mdl 512]} Bf6 (16... exf5 17. Bxd5) 17. Bxf6 N7xf6 18. Nfd6 Rc7 19. e4 Ne7 20. Qe2 b5 21. Rfd1 $36 {[%mdl 2048] White has some pressure.} Bd5 ({Better is} 21... Qb8 $14) 22. exd5 $18 exd5 23. Nxb5 axb5 {[#]} 24. Na5 $1 Rxc1 25. Rxc1 Qd7 26. Bf1 Ne4 27. Qxb5 Qf5 (27... Qa7 {is a better defense.} 28. Qe2 h6) 28. Qe2 Ng6 29. Nc6 h5 30. h4 Ra8 31. Nd4 $2 (31. b5 $18) 31... Qf6 $16 32. Nb5 Ne5 33. Bg2 Nxf2 $2 (33... Ng4 $16) 34. Rf1 $18 {[%cal Bc1f1,Bf1f2,Bf2f5,Bf5c5][%mdl 32]} ({And not} 34. Qxf2 Qxf2+ 35. Kxf2 Nd3+ 36. Ke3 Nxc1 $14) ({Less strong is} 34. Bxd5 Nfd3 $16) 34... Neg4 35. Rxf2 Qb6 $2 (35... Nxf2 36. Qxf2 Qc6) 36. Bxd5 Rc8 37. Bxf7+ Kh8 {intending ...Rc1+.} 38. Kg2 {aiming for Rf3.} Ne3+ (38... Nxf2 $142 39. Qxh5+ (39. Qxf2 Qb7+ 40. Kh2 Rc1 $17) 39... Qh6 40. Kxf2 Rf8) 39. Kh3 {White is clearly winning.} Ng4 40. Rf5 g6 {[#]} 41. Rc5 $1 Rf8 (41... Rxc5 42. Qe8+) 42. Qe7 {Precision: White = 64%, Black = 26%.} 1-0

[Event "USA-ch Juniors 2017"]
[Site "Saint Louis"]
[Date "2017.07.16"]
[Round "8"]
[White "Chandra, Akshat"]
[Black "Liang, Awonder"]
[Result "1/2-1/2"]
[WhiteElo "2484"]
[BlackElo "2536"]
[Annotator "TA"]
[PlyCount "152"]
[EventDate "2017.??.??"]
[EventType "tourn"]
[EventCountry "USA"]
[SourceTitle "playchess.com"]
[Source "ChessBase"]
[SourceQuality "1"]

{[%evp 12,152,43,41,44,43,54,42,56,48,54,45,52,35,66,52,67,56,54,53,62,48,48,48,41,40,56,56,79,31,38,40,52,50,99,56,78,78,75,75,79,62,58,54,54,45,55,56,190,185,193,177,164,125,112,130,139,136,141,136,129,123,115,0,0,0,0,0,0,0,0,0,0,0,0,3,5,5,12,10,81,20,21,2,8,8,17,0,0,0,31,0,0,0,0,0,0,0,0,0,0,0,0,0,0,0,0,0,0,0,0,0,4,10,48,62,62,0,0,0,7,0,0,0,0,0,0,0,0,0,0,0,0,0,0,0,0,0,0,0,0,0,0]} 1. Nf3 Nf6 2. c4 e6 3. d4 {[%cal Bd2d4,Bd4d5][%mdl 32]} b6 4. a3 c5 5. d5 Ba6 6. Qb3 {E12: Queen's Indian: Unusual White 4th moves, 4 a3, 4 Nc3 Bb7 5 a3 and 4 Nc3 Bb7} g6 7. Nc3 {LiveBook: 4 Games} Bg7 8. e4 {White is slightly better.} O-O 9. Be2 $146 exd5 10. exd5 Re8 11. O-O d6 12. Re1 Bb7 13. Bf4 Na6 14. Nb5 (14. Nd2 $5 {[%cal Rc3b5]}) 14... Bf8 $1 15. Bd3 Rxe1+ 16. Rxe1 Nc7 17. Nc3 Qd7 18. h3 Rb8 19. Ng5 Nh5 20. Bh2 Re8 21. Rd1 Qd8 22. Nf3 f5 23. Qc2 Qf6 24. Qa4 Ra8 25. Re1 Qd8 26. h4 Bc8 27. Ng5 Bd7 28. Qd1 Qf6 29. Be2 h6 {[#]} (29... Ng7 $14) 30. Ne6 $1 $36 {[%mdl 2048] Keeping Black busy.} ({Less strong is} 30. Bxh5 hxg5 31. hxg5 Qxg5 $14) 30... Nxe6 31. dxe6 Bxe6 32. Nd5 ({Not} 32. Bxd6 Rd8 $15) 32... Qf7 33. Bxh5 gxh5 34. Rxe6 Qxe6 35. Nc7 Qe4 36. Nxa8 Qxa8 37. Qxh5 (37. Bxd6 $16 Bg7 38. Qxh5) 37... Qe4 $11 {[%cal Re4e1]} 38. Qg6+ Bg7 {[%cal Re4e1]} 39. Bxd6 Qe1+ 40. Kh2 Qxf2 41. Bg3 Qxb2 42. Qe6+ Kh8 43. Qc8+ Kh7 44. Qxf5+ Kh8 45. a4 Qd4 {[#]} (45... Qe2 $11 {remains equal.}) 46. Qe6 (46. Qf4 $1 $16) 46... Kh7 47. Kh3 Qg1 48. Qe4+ Kh8 49. Qa8+ Kh7 50. Qe4+ Kh8 51. Qa8+ Kh7 52. Qxa7 Qh1+ 53. Bh2 Qf1 54. Qd7 Qxc4 55. Be5 {[%csl Ge5][%cal Rd7g7]} Qg8 56. h5 Qb3+ $1 57. Kh2 {[%csl Ge5][%cal Rd7g7]} Qg8 58. Kh3 Qb3+ 59. g3 {[%csl Ge5][%cal Rd7g7]} (59. Kg4 $5 {[%cal Rd7g7]} Qg8 60. Kh3 $16) 59... Qg8 60. Qd3+ Kh8 61. Bxg7+ Qxg7 {[%mdl 4096] Endgame KQ-KQ} 62. Qd8+ Kh7 63. Qxb6 Qd7+ $1 64. Kg2 (64. g4 $14 Qd3+ 65. Kh4) 64... Qd5+ {The position is equal.} 65. Kf2 Qf5+ 66. Ke1 {Black must now prevent Qg6+!} Qe4+ 67. Kd2 {And now Qg6+! would win.} Qd4+ 68. Kc1 {Hoping for Qg6+.} Qc3+ 69. Kb1 {Strongly threatening Qg6+.} Qd3+ 70. Ka2 Qc2+ 71. Ka3 Qc3+ 72. Qb3 Qa1+ 73. Qa2 Qc3+ 74. Qb3 Qa1+ 75. Qa2 Qc3+ 76. Qb3 Qa1+ {Precision: White = 60%, Black = 72%.} 1/2-1/2

[Event "USA-ch Juniors 2017"]
[Site "Saint Louis"]
[Date "2017.07.16"]
[Round "8"]
[White "Tang, Andrew"]
[Black "Brattain, Mika A"]
[Result "1-0"]
[WhiteElo "2478"]
[BlackElo "2364"]
[Annotator "TA"]
[PlyCount "77"]
[EventDate "2017.??.??"]
[EventType "tourn"]
[EventCountry "USA"]
[SourceTitle "playchess.com"]
[Source "ChessBase"]
[SourceQuality "1"]

{[%evp 17,77,-6,0,0,0,-14,-2,-2,34,19,39,45,41,66,108,75,90,77,91,83,83,75,58,64,140,59,106,107,100,33,33,33,91,85,187,195,189,186,191,190,185,185,199,191,237,220,317,303,370,280,246,246,230,245,253,648,631,630,690,697,860,833]} 1. d4 Nf6 2. c3 g6 3. Bg5 Bg7 4. Nd2 d5 5. e3 O-O 6. Bd3 Nbd7 {D00: 1 d4 d5: Unusual lines} 7. Ne2 e5 8. O-O h6 9. Bh4 Re8 $146 {LiveBook: 5 Games} ({Predecessor:} 9... c6 10. Bc2 Re8 11. c4 exd4 12. Nxd4 Qb6 13. cxd5 cxd5 14. Rb1 {0-1 (40) Gostisa,L (2470)-Kozul,Z (2595) Portoroz 1993}) 10. a4 c5 11. Re1 e4 12. Bc2 b6 13. c4 cxd4 14. exd4 g5 15. Bg3 Nh5 16. Nc3 Nxg3 17. hxg3 Bb7 18. cxd5 Nf6 19. Ndxe4 Nxd5 20. Qf3 {aiming for Bb3.} Re7 (20... Qd7 $14) 21. Rad1 (21. Bb3 $1 $16 Nxc3 22. bxc3) 21... Nxc3 22. bxc3 Qd5 23. Rb1 ({White should play} 23. Re3 $16) 23... Rae8 $14 24. Rb5 Qd8 ({Black should try} 24... Qd7 $14) 25. Re3 Kf8 {[#]} (25... Qd7 $16) 26. Bb3 $1 $18 g4 {[#]} 27. Qf4 $1 Bxe4 {[#]} 28. Rxe4 $1 {[%mdl 512] Strongly threatening Rf5!} Qc7 (28... Rxe4 29. Qxf7#) 29. Rxe7 $40 {[%mdl 128] Black is in trouble.} Rxe7 30. Qd2 Qc8 31. Qd3 Rc7 (31... Bf6 $142 32. Kh2 Kg7) 32. Rf5 Kg8 33. Qe4 Re7 34. Qf4 {[%cal Rf5f7]} ({Not} 34. Qxg4 Qxc3 35. Rd5 (35. Rf3 $2 Qc1+ 36. Kh2 Re1 $19) 35... Re8 $16) 34... Qc7 35. Rxf7 Re1+ $2 (35... Qxf4 36. Rxf4+ Kh8 37. Rxg4 Re1+ 38. Kh2 Rc1) 36. Kh2 {White threatens Rf8+ and mate.} Qxf4 {White is clearly winning.} 37. gxf4 Rb1 38. Be6 Rc1 39. Rxa7+ {Precision: White = 68%, Black = 37%.} 1-0

[Event "USA-ch Juniors 2017"]
[Site "Saint Louis"]
[Date "2017.07.16"]
[Round "8"]
[White "Troff, Kayden W"]
[Black "Colas, Joshua"]
[Result "1/2-1/2"]
[WhiteElo "2472"]
[BlackElo "2366"]
[Annotator "TA"]
[PlyCount "94"]
[EventDate "2017.??.??"]
[EventType "tourn"]
[EventCountry "USA"]
[SourceTitle "playchess.com"]
[Source "ChessBase"]
[SourceQuality "1"]

{[%evp 23,94,20,12,10,10,10,9,0,1,0,47,33,77,44,44,43,43,43,52,42,42,-61,-54,-64,-71,-93,-57,-68,93,85,87,77,118,115,105,97,148,120,140,133,129,144,169,167,217,213,195,200,177,140,138,129,125,135,137,0,0,0,0,0,0,0,0,0,0,0,0,0,0,0,0,0,0]} 1. d4 d5 2. c4 c6 3. Nf3 Nf6 4. Nc3 e6 5. e3 {[%cal Be2e3,Be3e4][%mdl 32]} Nbd7 6. Qc2 Bd6 7. Bd3 O-O 8. O-O e5 9. cxd5 cxd5 10. e4 exd4 11. Nxd5 Nxd5 12. exd5 h6 13. b3 {D46: Semi-Slav: 5 e3 Nbd7 6 Bd3, Black avoids the Meran} Nf6 {[%cal Bd7f6,Bf6d5,Bd5b4][%mdl 32]} 14. Bb2 Nxd5 15. Qc4 Nb4 {[#]} 16. Be4 $146 ({But not} 16. Bxd4 $2 Bg4 $17) ({Reject} 16. Qxd4 Bxh2+ 17. Kxh2 Qxd4 $17) ({Find the theoretical novelty and annotate with similar games:} 16. Rfd1 Nxd3 17. Qxd3 Bc5 18. Bxd4 Bxd4 19. Qxd4 Qxd4 20. Nxd4 Bd7 {½-½ (20) Radjabov,T (2710)-Mamedyarov,S (2772) Moscow 2017}) 16... Be7 (16... Re8 $5 {[%cal Re8e4]} 17. Rae1 Be6 18. Qxd4 Bf8 $14) 17. Nxd4 Na6 18. Nf5 (18. Rad1 $5 {[%cal Rd4f5]} Qa5 19. Rfe1 $16) 18... Bxf5 $1 19. Bxf5 {aiming for Rad1.} Bf6 20. Rad1 Qb6 21. Ba3 Rfd8 $1 22. g3 ({Better is} 22. Bc1 $14) 22... Qa5 $1 $15 {[%csl LRa3,LRf5]} 23. Bg6 Qxa3 24. Qxf7+ Kh8 25. Be4 {[#] Black must now prevent Qg6.} Qf8 $2 ({Don't play} 25... Qxa2 $6 26. Qg6 $11) (25... Nc5 $15 {keeps the upper hand.} 26. Bb1 Qa5) 26. Qg6 $36 {[%csl Ge4][%cal Rg6h7][%mdl 2048] White is on the roll.} Qg8 {And now ...Nb4 would win.} 27. Bxb7 Nc5 28. Bxa8 Rxa8 29. Rfe1 Rf8 ({Black should try} 29... Ne6) 30. Re2 $16 Ne6 31. Qg4 Ng5 32. h4 Nf7 33. Qe6 Rd8 34. Rxd8 Qxd8 35. Kh2 Qd3 36. Qc8+ Kh7 37. Re3 Qg6 38. Qc5 h5 39. Qxa7 (39. Re6 $16) 39... Nh6 {The position is equal.} 40. Rf3 {[#] Hoping for Qa8.} Ng4+ 41. Kg2 {Strongly threatening Qa8.} Qe4 42. Qa4 Qb7 43. Qe8 Kh6 44. Qh8+ Kg6 45. Qe8+ Kh6 46. Qh8+ Kg6 47. Qe8+ Kh6 {Precision: White = 82%, Black = 61%.} 1/2-1/2

[Event "USA-ch Juniors 2017"]
[Site "Saint Louis"]
[Date "2017.07.17"]
[Round "9"]
[White "Liang, Awonder"]
[Black "Brown, Michael William"]
[Result "1-0"]
[WhiteElo "2536"]
[BlackElo "2508"]
[Annotator "TA"]
[PlyCount "107"]
[EventDate "2017.??.??"]
[EventType "tourn"]
[EventCountry "USA"]
[SourceTitle "playchess.com"]
[Source "ChessBase"]
[SourceQuality "1"]

{[%evp 15,107,27,20,0,41,25,22,16,12,-23,4,-46,19,20,48,15,9,0,0,16,58,55,54,46,58,44,55,39,74,74,79,84,100,60,69,60,76,63,70,64,71,69,68,51,68,67,103,95,100,109,102,112,109,71,159,183,251,267,266,245,255,187,243,242,357,342,470,486,518,535,544,545,520,522,553,483,939,925,947,963,956,940,806,579,902,896,922,891,1278,1241,1586,1572,2238,1417]} 1. e4 e5 2. Nf3 Nc6 3. Bb5 Nf6 4. d3 {[%cal Bd2d3,Bd3d4][%mdl 32]} d6 5. O-O Bd7 6. Re1 g6 7. c3 Bg7 8. d4 O-O {LiveBook: 51 Games} 9. Ba4 {[%cal Bb5a4,Ba4c2,Bc2d3,Bd3f1][%mdl 32] C66: Ruy Lopez: Steinitz Defence} h6 10. Nbd2 Re8 11. h3 $146 {The position is equal.} ({Predecessor:} 11. dxe5 Nxe5 12. Nxe5 Rxe5 13. Bc2 Qe8 14. f3 Re7 15. Rf1 Rd8 16. Bb3 d5 17. exd5 {0-1 (24) Kobalia,M (2651)-Andreikin,D (2713) Khanty-Mansiysk 2013}) 11... a5 12. Qb3 Qc8 13. Qd1 Nb8 (13... exd4 $15 14. cxd4 Nb4) 14. Bc2 $11 Bc6 15. Bd3 b6 16. Qc2 Na6 17. a3 Qb7 18. b3 $1 {[%cal Bb2b3,Bb3b4,Bb4b5][%mdl 32]} Nh5 19. Bb2 Nf4 20. Bf1 $1 Bd7 21. b4 Nb8 22. b5 Be6 23. Kh2 Qc8 24. Ng1 g5 25. g3 Ng6 26. Nc4 f5 27. exf5 Bxf5 28. Qd2 {Threatens to win with dxe5.} Nd7 29. Bg2 Rb8 30. Re2 Be6 {[#]} 31. Ne3 $1 Nf6 32. Qc2 Bf7 33. Rae1 e4 34. f3 d5 (34... exf3 $142 35. Nxf3 Ne7) 35. fxe4 $16 dxe4 (35... Nxe4 $142 36. c4 Nd6) 36. Rf1 $18 Nf8 37. c4 {[#] Black must now prevent Ref2.} Bg6 38. Ref2 Qd8 (38... Nh5 $142 39. Nf5 Bxf5 40. Rxf5 Qe6) 39. d5 N8d7 (39... Nh5 {was worth a try.}) 40. Ne2 Ne5 41. Nd4 {White is clearly winning.} Nh5 {White should prevent ...Nd3.} 42. Ndf5 (42. Ne6 Rxe6 43. dxe6 Qd6 $14) 42... Nf3+ 43. Bxf3 exf3 44. Rxf3 Kh7 45. g4 Bxb2 (45... Nf6 $142 46. Re1 Bh8) 46. gxh5 ({Less strong is} 46. Qxb2 Qf6 $16) 46... Be5+ 47. Kh1 Bxh5 48. Ne7+ Kg7 49. Nc6 $1 {[%csl LRb8,LRd8]} Qd7 50. Nf5+ Kh8 51. Re3 Bf6 52. Nxb8 Rxb8 53. Re6 Rf8 54. Ng3 {Precision: White = 66%, Black = 38%.} 1-0

[Event "USA-ch Juniors 2017"]
[Site "Saint Louis"]
[Date "2017.07.17"]
[Round "9"]
[White "Checa, Nicolas D"]
[Black "Chandra, Akshat"]
[Result "1/2-1/2"]
[WhiteElo "2415"]
[BlackElo "2484"]
[Annotator "TA"]
[PlyCount "83"]
[EventDate "2017.??.??"]
[EventType "tourn"]
[EventCountry "USA"]
[SourceTitle "playchess.com"]
[Source "ChessBase"]
[SourceQuality "1"]

{[%evp 23,83,12,24,18,30,0,0,0,0,-31,-19,-18,-12,-27,-25,-54,-34,-34,-13,-22,-23,-33,-23,-16,-21,-44,-27,-33,-19,-20,-11,-25,-5,-12,-8,-20,-6,-5,-6,-6,0,0,0,0,0,0,0,0,0,0,0,0,0,0,0,0,0,0,0,0,0,0]} 1. d4 Nf6 2. Nf3 d5 3. c4 e6 4. Nc3 c6 5. Bg5 h6 6. Bxf6 Qxf6 7. e3 g6 8. Bd3 {D43: Semi-Slav: 5 Bg5 h6} Bg7 9. O-O O-O 10. Re1 dxc4 11. Bxc4 Nd7 12. e4 e5 {[%cal Re5d4] LiveBook: 30 Games} 13. d5 Rd8 14. Re3 b5 15. dxc6 bxc4 16. Nd5 Qe6 $1 17. cxd7 Rxd7 18. Qa4 (18. b3 {is interesting.} cxb3 19. Qxb3 Bb7 20. Rd3 Bc6 21. Rad1) 18... Bb7 19. Qxc4 Bxd5 20. exd5 Qxd5 (20... Rxd5 {is more complex.} 21. Rae1 Rc8 22. Qb3 Qd6 23. Rc3 Rd8) 21. Qxd5 Rxd5 {[#]} 22. Rae1 $146 Re8 23. g4 Kh7 24. Nh4 Rb8 25. b3 $1 Rb4 26. Re4 a5 27. Kg2 Rd2 (27... Rdd4 $5 {[%cal Rd4e4]} 28. Kf3 a4 29. Rxd4 exd4 $17) 28. Rxb4 {The position is equal.} axb4 $11 {[%mdl 4096] Endgame KRB-KRN} 29. Re4 Bf8 {White must now prevent ...Bc5.} 30. Nf3 Rxa2 {Hoping for ...Bc5.} 31. Nxe5 Rb2 32. Nd7 Bd6 33. Nf6+ Kh8 34. h4 Bc5 35. g5 hxg5 36. hxg5 {[#] Re8+ would kill now.} Rxf2+ 37. Kg3 {Threatening mate with Re8+.} Kg7 38. Ne8+ Kf8 39. Nf6 {Intending Re8+ and mate.} Kg7 40. Ne8+ Kf8 41. Nf6 {[#] White threatens Re8+ and mate.} Kg7 42. Ne8+ {Precision: White = 67%, Black = 71%.} 1/2-1/2